Bridges across cultures. (Record no. 103)

MARC details
000 -LEADER
fixed length control field 00761cam a22002537a 4500
001 - CONTROL NUMBER
control field 7471477
003 - CONTROL NUMBER IDENTIFIER
control field GBCCL
005 - DATE AND TIME OF LATEST TRANSACTION
control field 20241126110330.0
008 - FIXED-LENGTH DATA ELEMENTS--GENERAL INFORMATION
fixed length control field 060522s2003 ii b 000 0 eng d
020 ## - INTERNATIONAL STANDARD BOOK NUMBER
International Standard Book Number 818771204X
035 ## - SYSTEM CONTROL NUMBER
System control number (OCoLC)ocn689014555
035 ## - SYSTEM CONTROL NUMBER
System control number 7471477
040 ## - CATALOGING SOURCE
Original cataloging agency CtY-D
Transcribing agency CtY-D
082 ## - DEWEY DECIMAL CLASSIFICATION NUMBER
Classification number 266
Item number PAP
100 ## - MAIN ENTRY--PERSONAL NAME
Relationship Pappy, Achenkunju
245 10 - TITLE STATEMENT
Title Bridges across cultures.
Statement of responsibility, etc. by Achenkunju Pappy, George Edward and John Philip; forwarded by Atul Aghamkar
260 ## - PUBLICATION, DISTRIBUTION, ETC.
Place of publication, distribution, etc. Bangalore, India :
Name of publisher, distributor, etc. SAIACS Press,
Date of publication, distribution, etc. 2003.
300 ## - PHYSICAL DESCRIPTION
Extent 140 p. ;
Dimensions 22 cm.
440 #0 - SERIES STATEMENT/ADDED ENTRY--TITLE
Title Spire Series.
9 (RLIN) 3570
650 #0 - SUBJECT ADDED ENTRY--TOPICAL TERM
Topical term or geographic name entry element Evangelistic work
Geographic subdivision India.
9 (RLIN) 408
650 #0 - SUBJECT ADDED ENTRY--TOPICAL TERM
Topical term or geographic name entry element Lingayats
Geographic subdivision India
-- Karnataka.
9 (RLIN) 3604
700 10 - ADDED ENTRY--PERSONAL NAME
Personal name Pappy, Achenkunju.
9 (RLIN) 3605
942 ## - ADDED ENTRY ELEMENTS (KOHA)
Source of classification or shelving scheme Dewey Decimal Classification
Koha item type Books
Koha issues (borrowed), all copies 24
Holdings
Withdrawn status Lost status Source of classification or shelving scheme Damaged status Not for loan Home library Current Library Shelving location Date acquired Cost, normal purchase price Total checkouts Full call number Barcode Date last seen Date last checked out Copy number Price effective from Koha item type Total renewals
    Dewey Decimal Classification     GRACE BIBLE COLLEGE GRACE BIBLE COLLEGE Ministry & Mission 2016-05-24 80.00 7 266 PAP 012906 2025-05-01 2023-03-09 c.1 2016-05-24 Books  
    Dewey Decimal Classification     GRACE BIBLE COLLEGE GRACE BIBLE COLLEGE Ministry & Mission 2016-05-24 80.00 3 266 PAP 012907 2025-05-01 2023-03-07 c.2 2016-05-24 Books  
    Dewey Decimal Classification     GRACE BIBLE COLLEGE GRACE BIBLE COLLEGE Ministry & Mission 2016-05-24 80.00 6 266 PAP 012908 2025-05-01 2020-03-17 c.3 2016-05-24 Books 2
    Dewey Decimal Classification     GRACE BIBLE COLLEGE GRACE BIBLE COLLEGE Ministry & Mission 2016-05-24 80.00 9 266 PAP 012909 2025-05-01 2023-02-03 c.4 2016-05-24 Books 1
© Grace Bible College Library 2025